000 00613nam a2200205 u 4500
005 20220922063435.0
008 121024s2008 mx r 000 0 spa d
020 _a9705775354
035 _aUPN01000187988
049 _aI
050 4 _aQE714.5
_bM5.2
100 1 _aMiret, Maia F.
_933377
245 1 0 _aAnimalitos animalotes (prehistóricos) /
_cMaia F. Miret ; il. de David Lara.
260 _aMéxico :
_bLibros del escarabajo,
_c2008.
300 _a34 p. :
_bil. col.
440 0 _aMaqueta
650 4 _aPREHISTORIA
_913641
650 4 _aANIMALES EXTINTOS -
_vLITERATURA JUVENIL
_98859
905 _aInfantil
999 _c160091
_d160091